| 000 | 00401nam a2200181Ia 4500 | ||
|---|---|---|---|
| 008 | 240510s9999 xx 000 0 und d | ||
| 020 | _a9789555739382 | ||
| 041 | _asih | ||
| 082 | _a920 | ||
| 082 | _bW27 | ||
| 100 | _aWETHTHASINGHE, Samudra | ||
| 245 | 0 | _aDadurukala Siyapatha | |
| 260 | _bColombo :Tharanji Printers | ||
| 260 | _c2009 | ||
| 300 | _a256 p. | ||
| 942 | _2ddc | ||
| 942 | _cLBK | ||
| 999 |
_c28539 _d28539 |
||
| 945 |
_a1 _bMadushi Gamage _c1 _dMadushi Gamage |
||